| 000 | 00568nam a2200193Ia 4500 | ||
|---|---|---|---|
| 008 | 240729s9999 xx 000 0 und d | ||
| 022 | _a2078-6786 | ||
| 245 | 0 | _aSouth African Journal of Psychiatry | |
| 260 | _aSouth Africa | ||
| 260 | _bAOSIS | ||
| 650 | _a Internal medicine | ||
| 650 | _a Neurology. Diseases of the nervous system | ||
| 650 | _a Neurosciences. Biological psychiatry. Neuropsychiatry | ||
| 650 | _a Psychiatry | ||
| 650 | _aMedicine | ||
| 856 | _uhttps://doaj.org/toc/06d66b7125774e8485dc866cc40893e3 | ||
| 942 | _2ddc | ||
| 942 | _cDOAJEJ | ||
| 999 |
_c73677 _d73677 |
||
| 945 |
_a1 _bMadushi Gamage _c1 _dMadushi Gamage |
||